Dishonoured honourable / (Record no. 16357)

MARC details
000 -LEADER
fixed length control field 00592nam a22002057a 4500
008 - FIXED-LENGTH DATA ELEMENTS--GENERAL INFORMATION
fixed length control field 210303s9999 xx 000 0 und d
016 ## - NATIONAL BIBLIOGRAPHIC AGENCY CONTROL NUMBER
Source retro2021
020 ## - INTERNATIONAL STANDARD BOOK NUMBER
ISBN 9788123066
040 ## - CATALOGING SOURCE
Original cataloging agency NLN
Language of cataloging English
Description conventions AACR2
100 ## - MAIN ENTRY--AUTHOR
Author OKI, Raymond
Relator term aut
245 ## - TITLE STATEMENT
Title Dishonoured honourable /
Statement of responsibility, etc Raymond Oki
260 ## - PUBLICATION, DISTRIBUTION, ETC. (IMPRINT)
Place of publication Ibadan, Oyo State :
Name of publisher Extension Publications,
Date of publication 2005
300 ## - COLLATION
Pagination iv, 66p. :
Other physical details ill. ; 17cm.
563 ## - BINDING INFORMATION
Binding note (pbk)
650 ## - TRACINGS
Main Subject Nigerian fiction (English)
650 ## - TRACINGS
Main Subject Nigerian literature (English)
942 ## - ADDED ENTRY ELEMENTS (KOHA)
Item type Books
050 ## - LIBRARY OF CONGRESS CALL NUMBER
Classification number PR9837.9 .O41
Item number D611
082 ## - DEWEY DECIMAL CLASSIFICATION NUMBER
Classification number 823
Holdings
Withdrawn status Lost status Source of classification or shelving scheme Damaged status Not for loan Home library Current library Date acquired Total Checkouts Full call number Barcode. Date last seen Price effective from Koha item type
    Library of Congress Classification     IBADAN BRANCH LIBRARY National Library of Nigeria 06/01/2024   PR9837.9 .O41 D611 2024-0019 06/01/2024 06/01/2024 Books

National Library of Nigeria OPAC is powered by Koha